[Event "OP-2011-0-01952"]
[Site "LSS email"]
[Date "2011.12.22"]
[Round "?"]
[White "Bison, Pablo"]
[Black "Husemann, Andreas"]
[Result "0-1"]
[WhiteElo "800"]
[BlackElo "1993"]
[PlyCount "36"]
[EventDate "2011.12.19"]
[EventType "tourn (corr)"]
[EventRounds "4"]
[EventCountry "GER"]
[SourceTitle "Telechess CBM 155"]
[Source "ChessBase"]
[SourceDate "2013.07.16"]
[SourceVersion "1"]
[SourceVersionDate "2013.07.16"]
[SourceQuality "1"]

1. d4 Nf6 2. c4 e6 3. Nf3 b6 4. g3 Ba6 5. b3 Bb4+ 6. Bd2 Be7 7. Bg2 c6 8. 0-0 d5 9. cxd5 cxd5 10. Ne5 Nfd7 11. Nc3 Nxe5 12. dxe5 Nc6 13. f4 Rc8 14. Re1 Bc5+ 15. Kh1 h5 16. e4 d4 17. Ne2 h4 18. gxh4 Qxh4 0-1